1798 1748 1849 1971 1778 1536 1139 1646 1239 1670 1320 1619 1448 1800 1113 1141 1779 1653 1043 1751 1914 1001 1603 1423 1667 1402 1001 1448 1503 1455 1540 1527 1484 1946 1803 1349 1984 1770 1998 1428 1286 1650 1851 1738 1346 1970 1789 1205 1676 1801 1848 1194 1500 1417 1157 1160 1676 1732 1910 1880 1662 1142 1345 1723 1499 1499 1674 1178 1658 1671 1440 1259 1642 1642 1460 1807 1371 1572 1298 1737 1819 1144 1930 1666 1917 1402 1167 1472 1652 1360 1635 1234 1117 1722 1101 1212 1695 1413 1678 BCNSPRNW ULIB Ver.6.0+V

เปลี่ยนเป็นภาษาไทย

Change to English
 แสดงรายละเอียดบรรณานุกรม
  กลับหน้าหลัก

Brief Record : Get Marc (ISO 2709) : E-mail record : QR code < ปิดหน้าต่าง
LEADER : 00000nam 2200000uu 4500
001    13399127808
003     ULIB
008    210930s2563||||th 000 0 tha d
020    ^a9786165729369
060    ^aWS130^bพ242ท
100 0  ^aพรเทพ ตั่นเผ่าพงษ์
245 0  ^aท้องร่วงเรื้อรังในเด็ก/^cพรเทพ ตั่นเผ่าพงษ์
246 0  ^aChronic diarrhea in children
260    ^aกรุงเทพฯ:^bโรงพยาบาลรามาธิบดี,^c2563
300    ^a296 หน้า:^bภาพประกอบ
650    ^aท้องร่วง^xเด็ก
650    ^aท้องร่วง^xในวัยทารกและวัยเด็ก
700 0  ^aพรเทพ ตั่นเผ่าพงษ์
945    ^p590^l0^i008233
945    ^p590^l0^i008234
945    ^p590^l0^i008235
999    ^aประนอม เกษจรัล
รายการนี้ยังไม่มีแท็ก
คุณยังไม่ได้ล็อกอิน คุณสามารถมีกิจกรรมร่วมกับเว็บไซต์ได้ แต่ต้องล็อกอินก่อน ::
  ล็อกอิน

รายการสื่อสารสนเทศ

ลำดับที่ ประเภท เลขเรียก/บาร์โค้ด สถานที่ สถานะ
1. วิทยาศาสตร์การแพทย์ และสุขภาพ
หนังสือสำรอง
สถานะ=หนังสือสำรอง
WS130 พ242ท ฉ.1 
  Barcode: 008233
ห้องสมุดวิทยาเขตสวรรค์ประชารักษ์
►หนังสือทั่วไป
บนชั้น
2. วิทยาศาสตร์การแพทย์ และสุขภาพ
วิทยาศาสตร์การแพทย์ และสุขภาพ
WS130 พ242ท ฉ.2 
  Barcode: 008234
ห้องสมุดวิทยาเขตสวรรค์ประชารักษ์
►หนังสือทั่วไป
บนชั้น
3. วิทยาศาสตร์การแพทย์ และสุขภาพ
วิทยาศาสตร์การแพทย์ และสุขภาพ
WS130 พ242ท ฉ.3 
  Barcode: 008235
ห้องสมุดวิทยาเขตสวรรค์ประชารักษ์
►หนังสือทั่วไป
บนชั้น

รายการใกล้เคียง
    ผู้แต่ง [พรเทพ ตั่นเผ่าพงษ์]

BibComment


ยังไม่เคยถูกคอมเมนท์

คอมเมนท์ทรัพยากรรายการนี้
  คอมเมนท์: ท้องร่วงเรื้อรัง..


 Copyright 2026. Bcnsprnw @Library